000 00269nam a2200109Ia 4500
008 200302s9999 xx 000 0 und d
100 _aPriya Choudry
245 _aHumane Approach To Urban Planning
260 _bCopal Publishing Group
260 _c2015
300 _a189 P
999 _c5421
_d5421